Values and interests in social change
Saved in:
| Hovedforfatter: | |
|---|---|
| Format: | Bog |
| Sprog: | engelsk |
| Udgivet: |
Englewood Cliffs
Prentice-Hall
1965
|
| Fag: | |
| Tags: |
Tilføj Tag
Ingen Tags, Vær først til at tagge denne postø!
|
MARC
| LEADER | 00000nam a2200000 a 4500 | ||
|---|---|---|---|
| 001 | UCR9753 | ||
| 003 | CL-VaPUC | ||
| 008 | 980613e19650000us |||||||||||||||||eng|d | ||
| 082 | 0 | 4 | |a 303.4 |b NEA |2 21 |
| 100 | 0 | |a Neal, Marie Augusta |e author |9 412619 | |
| 245 | 1 | 0 | |a Values and interests in social change |
| 300 | |a 182 p | ||
| 942 | |c BK | ||
| 945 | |d 19980613 00:00:00 |a crobeson | ||
| 260 | |a Englewood Cliffs |b Prentice-Hall |c 1965 | ||
| 650 | 0 | |a Cambio social |9 256857 | |
| 650 | 0 | |a Iglesia |9 255004 | |
| 650 | 0 | |a Problemas sociales |9 258537 | |
| 650 | 0 | |a Dinámica social |9 334923 | |
| 650 | 0 | |a Interacción social |9 307764 | |
| 650 | 0 | |a Sociología del cambio |9 337801 | |
| 583 | |a last modification |c 20150428 03:35:34 |k Rodrigo Vera | ||
| 999 | |c 270929 |d 270927 | ||